Understanding basic statistics / (Record no. 138)
[ view plain ]
| 000 -LEADER | |
|---|---|
| fixed length control field | 00975cam a2200265 a 4500 |
| 001 - CONTROL NUMBER | |
| control field | 15402682 |
| 003 - CONTROL NUMBER IDENTIFIER | |
| control field | GZU |
| 005 - DATE AND TIME OF LATEST TRANSACTION | |
| control field | 20200706102110.0 |
| 008 - FIXED-LENGTH DATA ELEMENTS--GENERAL INFORMATION | |
| fixed length control field | 080807s2010 maua 001 0 eng |
| 010 ## - LIBRARY OF CONGRESS CONTROL NUMBER | |
| LC control number | 2008934780 |
| 020 ## - INTERNATIONAL STANDARD BOOK NUMBER | |
| International Standard Book Number | 9780547132495 (pbk.) |
| 040 ## - CATALOGING SOURCE | |
| Original cataloging agency | DLC |
| Transcribing agency | DLC |
| 050 00 - LIBRARY OF CONGRESS CALL NUMBER | |
| Classification number | QA276.12 |
| Item number | .BRA 2010 |
| 100 1# - MAIN ENTRY--PERSONAL NAME | |
| Personal name | Brase, Charles Henry. |
| Relator term | author |
| 245 10 - TITLE STATEMENT | |
| Title | Understanding basic statistics / |
| Statement of responsibility, etc. | Charles Henry Brase, Corrinne Pellillo Brase. |
| 250 ## - EDITION STATEMENT | |
| Edition statement | 5th ed. |
| 260 ## - PUBLICATION, DISTRIBUTION, ETC. | |
| Place of publication, distribution, etc. | Belmont, CA : |
| Name of publisher, distributor, etc. | Brooks/Cole, Cengage Learning, |
| Date of publication, distribution, etc. | c2010. |
| 300 ## - PHYSICAL DESCRIPTION | |
| Extent | xxvi, 513, 36, 4 p. : |
| Other physical details | ill. (col.) ; |
| Dimensions | 28 cm. |
| 500 ## - GENERAL NOTE | |
| General note | Includes index. |
| 650 #0 - SUBJECT ADDED ENTRY--TOPICAL TERM | |
| Topical term or geographic name entry element | Mathematical statistics |
| Form subdivision | Textbooks. |
| 700 1# - ADDED ENTRY--PERSONAL NAME | |
| Personal name | Brase, Corrinne Pellillo. |
| Relator term | author |
| 906 ## - LOCAL DATA ELEMENT F, LDF (RLIN) | |
| a | 7 |
| b | cbc |
| c | orignew |
| d | 3 |
| e | epcn |
| f | 20 |
| g | y-gencatlg |
| 942 ## - ADDED ENTRY ELEMENTS (KOHA) | |
| Source of classification or shelving scheme | Library of Congress Classification |
| Koha item type | Books |
| Edition | 5th ed. |
| Classification part | 276.12 |
| Item part | BRA |
| Call number prefix | QA |
| Withdrawn status | Lost status | Damaged status | Not for loan | Collection code | Home library | Current library | Shelving location | Date acquired | Total Checkouts | Full call number | Barcode | Date last seen | Copy number | Price effective from | Koha item type | Source of classification or shelving scheme | Source of acquisition | Inventory number | Total Renewals | Date last checked out |
|---|---|---|---|---|---|---|---|---|---|---|---|---|---|---|---|---|---|---|---|---|
| Non-fiction | City Campus Library | City Campus Library | General Stacks | 07/06/2020 | QA276.12 BRA 2010 | 029365 | 07/06/2020 | c. 1 | 07/06/2020 | Books | ||||||||||
| Non-fiction | City Campus Library | City Campus Library | General Stacks | 11/21/2017 | QA276.12 BRA 2010 | 029366 | 09/16/2020 | c. 3 | 09/16/2020 | Books | Library of Congress Classification | |||||||||
| Non-fiction | Mashava Campus Library | Mashava Campus Library | General Stacks | 11/21/2017 | QA276.12 BRA 2010 | 029368 | 09/15/2020 | c. 2 | 09/15/2020 | Books | Library of Congress Classification | |||||||||
| Non-fiction | Mashava Campus Library | Mashava Campus Library | General Stacks | 03/29/2021 | 1 | QA276.12BRA 2010 | 029367 | 10/28/2022 | C.4 | 03/29/2021 | Books | Library of Congress Classification | Purchase | 029367 | 1 | 10/14/2022 |